Sports Quiz

Random Sports or NFL Quiz

Big 4 Teams Without Roman Numerals Quiz Stats

 Plays Quiz Updated Jul 14, 2015

Challenge
Share
Tweet
Embed
Score 0/29 Timer 07:00
6 Plays Today
Hint Answer % Correct
NFLJets
74.3%
NHLJets
74.3%
NBAHeat
70.8%
MLBYankees
67.1%
MLBRangers
63.2%
NHLRangers
63.2%
NFLBears
62.5%
NBAJazz
60.6%
NFLPanthers
60.2%
NHLPanthers
60.2%
NFL49ers
58.6%
NBANets
57.9%
NFLSeahawks
56.7%
NBASpurs
56.4%
NFLBrowns
55.6%
Hint Answer % Correct
MLBRays
54.2%
MLBAstros
53%
NFLJaguars
52.8%
NBASuns
51%
NBAHawks
50.6%
NBA76ers
49.3%
MLBBrewers
45.2%
NBAHornets
42.7%
NHLSharks
42.3%
NHLStars
42.1%
NBARaptors
40.9%
NBANuggets
40.2%
NHLSenators
38.9%
NHLSabres
33.5%

You're not logged in!

Compare scores with friends on all Sporcle quizzes.
Join for Free
OR
Log In

You Might Also Like...

Show Comments

Extras

Top Quizzes Today


Score Distribution

Your Account Isn't Verified!

In order to create a playlist on Sporcle, you need to verify the email address you used during registration. Go to your Sporcle Settings to finish the process.

Report this User

Report this user for behavior that violates our Community Guidelines.

Details: